00843 2200289 4500001002100000005001500021035002000036007000300056008004100059020002200100082001500122084001700137100003100154245006600185300004300251650002300294700002800317264003400345336002100379337003000400338002300430040002200453090002200475850001200497999002200509990002200531INLIS00000000088373620240212113439 a0010-0224000283ta240212s2023 yoia b ind d a978-623-09-5550-104223a028.55 a028.55 AAN j0 aAan Wulandari UePengarang1 aJangan takut, Ara /cAan Wulandari U; ilustrator, Isha Nindya a24 halaman :bgambar berwarna ;c19 cm 4aBacaan kanak-kanak0 aIsha NindyaeIlustrator31aSleman :bAlkahfi kids,c2023 2rdacontentateks 2rdamediaatanpa perantara 2rdacarrieravolume aYOPDYOGbinderda aCB-D.11 2023-3301 aYOPDYOG aCB-D.11/2023-3301 aCB-D.11/2023-3301